[Event "European Chess Club Cup 2023"]
[Site "Durres, Albania"]
[Date "2023.10.06"]
[Round "6.72"]
[White "Pleshkov, Mikhail"]
[Black "Takacs, Laszlo"]
[Result "0-1"]
[TimeControl "90' + 30' & 30\""]
[WhiteElo "2011"]
[BlackElo "2221"]

1. d4 {[%clk 01:30:57]} {[%emt 00:00:03]} Nf6 {[%clk 01:30:53]} {[%emt
00:00:08]} 2. Nf3 {[%clk 01:31:19]} {[%emt 00:00:07]} g6 {[%clk 01:31:13]}
{[%emt 00:00:10]} 3. c4 {[%clk 01:31:06]} {[%emt 00:00:44]} Bg7 {[%clk
01:31:33]} {[%emt 00:00:09]} 4. g3 {[%clk 01:31:26]} {[%emt 00:00:11]} c6
{[%clk 01:31:34]} {[%emt 00:00:29]} 5. Bg2 {[%clk 01:31:06]} {[%emt 00:00:50]}
d5 {[%clk 01:31:56]} {[%emt 00:00:07]} 6. O-O {[%clk 01:30:54]} {[%emt
00:00:42]} dxc4 {[%clk 01:30:33]} {[%emt 00:01:52]} 7. Na3 {[%clk 01:28:35]}
{[%emt 00:02:49]} b5 {[%clk 01:24:50]} {[%emt 00:06:14]} 8. Bf4 {[%clk
01:14:53]} {[%emt 00:14:11]} Bb7 {[%clk 01:22:00]} {[%emt 00:03:19]} 9. Qd2
{[%clk 01:09:54]} {[%emt 00:05:30]} O-O {[%clk 01:18:53]} {[%emt 00:03:38]} 10.
Bh6 {[%clk 01:08:28]} {[%emt 00:01:56]} Nbd7 {[%clk 01:16:42]} {[%emt
00:02:40]} 11. Rac1 {[%clk 00:57:27]} {[%emt 00:11:32]} Rc8 {[%clk 01:05:54]}
{[%emt 00:11:18]} 12. b3 {[%clk 00:51:53]} {[%emt 00:06:03]} c3 {[%clk
00:56:29]} {[%emt 00:09:56]} 13. Qg5 {[%clk 00:51:09]} {[%emt 00:01:14]} Qa5
{[%clk 00:49:51]} {[%emt 00:07:07]} 14. Bxg7 {[%clk 00:50:22]} {[%emt
00:01:18]} Kxg7 {[%clk 00:50:12]} {[%emt 00:00:09]} 15. Nc2 {[%clk 00:49:59]}
{[%emt 00:00:52]} h6 {[%clk 00:42:41]} {[%emt 00:08:02]} 16. Qe3 {[%clk
00:46:53]} {[%emt 00:03:35]} Nd5 {[%clk 00:42:12]} {[%emt 00:01:00]} 17. Qd3
{[%clk 00:47:15]} {[%emt 00:00:08]} b4 {[%clk 00:42:00]} {[%emt 00:00:42]} 18.
Ne5 {[%clk 00:44:23]} {[%emt 00:03:22]} Nxe5 {[%clk 00:41:14]} {[%emt
00:01:17]} 19. dxe5 {[%clk 00:44:51]} {[%emt 00:00:01]} Rfd8 {[%clk 00:39:25]}
{[%emt 00:02:19]} 20. Qe4 {[%clk 00:39:53]} {[%emt 00:05:29]} Qb6 {[%clk
00:24:20]} {[%emt 00:15:34]} 21. Qh4 {[%clk 00:35:01]} {[%emt 00:05:22]} Qc5
{[%clk 00:16:14]} {[%emt 00:08:35]} 22. Bxd5 {[%clk 00:28:28]} {[%emt
00:07:05]} cxd5 {[%clk 00:16:00]} {[%emt 00:00:43]} 23. Nxb4 {[%clk 00:28:29]}
{[%emt 00:00:29]} d4 {[%clk 00:15:17]} {[%emt 00:01:14]} 24. Nd3 {[%clk
00:27:03]} {[%emt 00:01:54]} Qd5 {[%clk 00:15:36]} {[%emt 00:00:11]} 25. f3
{[%clk 00:26:33]} {[%emt 00:01:01]} Rc7 {[%clk 00:13:40]} {[%emt 00:02:25]} 26.
Rc2 {[%clk 00:23:07]} {[%emt 00:03:57]} a5 {[%clk 00:13:15]} {[%emt 00:00:54]}
27. g4 {[%clk 00:21:33]} {[%emt 00:02:05]} Ba6 {[%clk 00:09:18]} {[%emt
00:04:26]} 28. Qg3 {[%clk 00:21:19]} {[%emt 00:00:45]} Bxd3 {[%clk 00:08:43]}
{[%emt 00:01:05]} 29. exd3 {[%clk 00:21:41]} {[%emt 00:00:08]} Rc5 {[%clk
00:07:41]} {[%emt 00:01:31]} 30. f4 {[%clk 00:20:19]} {[%emt 00:01:53]} Rb8
{[%clk 00:04:59]} {[%emt 00:03:10]} 31. Qg2 {[%clk 00:04:20]} {[%emt 00:16:30]}
Qxg2+ {[%clk 00:04:46]} {[%emt 00:00:45]} 32. Kxg2 {[%emt 00:00:03]} a4 {[%clk
00:04:54]} {[%emt 00:00:20]} 33. bxa4 {[%clk 00:03:50]} {[%emt 00:01:29]} Ra5
{[%clk 00:05:15]} {[%emt 00:00:08]} 34. Kf3 {[%clk 00:04:01]} {[%emt 00:00:19]}
Rxa4 {[%clk 00:04:18]} {[%emt 00:01:27]} 35. Rff2 {[%clk 00:03:36]} {[%emt
00:00:55]} Rb1 {[%clk 00:03:14]} {[%emt 00:01:33]} 36. Ke4 {[%clk 00:02:52]}
{[%emt 00:01:15]} Rd1 {[%clk 00:01:54]} {[%emt 00:01:49]} 37. h4 {[%clk
00:01:31]} {[%emt 00:01:52]} Kf8 {[%clk 00:01:22]} {[%emt 00:01:02]} 38. f5
{[%clk 00:00:47]} {[%emt 00:01:15]} Ke8 {[%clk 00:01:01]} {[%emt 00:00:50]} 39.
fxg6 {[%clk 00:00:36]} {[%emt 00:00:41]} fxg6 {[%clk 00:01:29]} {[%emt
00:00:02]} 40. h5 {[%clk 00:01:05]} {[%emt 00:00:01]} gxh5 {[%clk 00:01:37]}
{[%emt 00:00:23]} 41. gxh5 {[%clk 00:01:33]} {[%emt 00:00:02]} Kd7 {[%clk
00:28:16]} {[%emt 00:03:50]} 42. Rg2 {[%clk 00:25:05]} {[%emt 00:06:57]} Kc6
{[%clk 00:19:40]} {[%emt 00:09:07]} 43. Rce2 {[%clk 00:15:09]} {[%emt
00:10:26]} Kc5 {[%clk 00:14:03]} {[%emt 00:06:07]} 44. Rg8 {[%clk 00:15:08]}
{[%emt 00:00:30]} Rh1 {[%clk 00:13:39]} {[%emt 00:00:54]} 45. Rc8+ {[%clk
00:14:10]} {[%emt 00:01:29]} Kb6 {[%clk 00:14:09]} 46. Re8 {[%clk 00:13:01]}
{[%emt 00:01:39]} Rh4+ {[%clk 00:12:53]} {[%emt 00:01:46]} 47. Kd5 {[%clk
00:12:02]} {[%emt 00:01:29]} Ra5+ {[%clk 00:13:06]} {[%emt 00:00:17]} 48. Ke6
{[%clk 00:11:18]} {[%emt 00:01:14]} Rxh5 {[%clk 00:11:55]} {[%emt 00:01:40]} 49.
Rxe7 {[%clk 00:11:47]} {[%emt 00:00:02]} Rh3 {[%clk 00:06:40]} {[%emt
00:05:45]} 50. Kd6 {[%clk 00:08:38]} {[%emt 00:03:39]} Rxd3 {[%clk 00:04:58]}
{[%emt 00:02:12]} 51. Rg7 {[%clk 00:07:47]} {[%emt 00:01:21]} Rd2 {[%clk
00:02:54]} {[%emt 00:02:34]} 52. Re1 {[%clk 00:08:10]} {[%emt 00:00:08]} c2
{[%clk 00:02:50]} {[%emt 00:00:34]} 53. Rgg1 {[%clk 00:08:17]} {[%emt
00:00:22]} Rf2 {[%clk 00:00:35]} {[%emt 00:02:45]} 54. e6 {[%clk 00:08:03]}
{[%emt 00:00:44]} Rf6 {[%clk 00:00:39]} {[%emt 00:00:26]} 55. Rg3 {[%clk
00:07:24]} {[%emt 00:01:09]} Kb5 {[%clk 00:00:44]} {[%emt 00:00:25]} 56. Ke5
{[%clk 00:06:43]} {[%emt 00:01:10]} Rxe6 {[%clk 00:00:39]} {[%emt 00:00:36]} 57.
Kxe6 {[%clk 00:07:07]} {[%emt 00:00:06]} Kc4 {[%clk 00:01:05]} {[%emt
00:00:04]} 58. Rh1 {[%clk 00:01:11]} {[%emt 00:06:26]} d3 {[%clk 00:00:44]}
{[%emt 00:00:51]} 59. Rg2 {[%clk 00:01:00]} {[%emt 00:00:41]} Kc3 {[%clk
00:00:54]} {[%emt 00:00:20]} 60. Rg3 {[%clk 00:00:50]} {[%emt 00:00:40]} Rxa2
{[%clk 00:00:46]} {[%emt 00:00:37]} 61. Ke5 {[%clk 00:01:11]} {[%emt 00:00:10]}
Ra4 {[%clk 00:00:58]} {[%emt 00:00:18]} 62. Rf3 {[%clk 00:00:46]} {[%emt
00:00:55]} Rb4 {[%clk 00:01:21]} {[%emt 00:00:07]} 63. Rf8 {[%clk 00:01:04]}
{[%emt 00:00:12]} d2 {[%clk 00:01:24]} {[%emt 00:00:26]} 0-1

[Event "European Chess Club Cup 2023"]
[Site "Durres, Albania"]
[Date "2023.10.06"]
[Round "6.73"]
[White "Aditya, Mittal"]
[Black "Blomqvist, Erik"]
[Result "0-1"]
[TimeControl "90' + 30' & 30\""]
[WhiteElo "2572"]
[BlackElo "2509"]

1. e4 {[%clk 01:30:58]} {[%emt 00:00:02]} e5 {[%clk 01:30:50]} {[%emt
00:00:10]} 2. Nf3 {[%clk 01:31:27]} {[%emt 00:00:02]} Nc6 {[%clk 01:31:11]}
{[%emt 00:00:09]} 3. Bc4 {[%clk 01:31:55]} {[%emt 00:00:02]} Nf6 {[%clk
01:31:24]} {[%emt 00:00:17]} 4. d3 {[%clk 01:32:23]} {[%emt 00:00:02]} Bc5
{[%clk 01:31:26]} {[%emt 00:00:28]} 5. O-O {[%clk 01:32:51]} {[%emt 00:00:02]}
d6 {[%clk 01:30:29]} {[%emt 00:01:27]} 6. c3 {[%clk 01:33:19]} {[%emt
00:00:02]} a5 {[%clk 01:30:26]} {[%emt 00:00:33]} 7. Bg5 {[%clk 01:33:39]}
{[%emt 00:00:10]} h6 {[%clk 01:29:58]} {[%emt 00:00:58]} 8. Bh4 {[%clk
01:34:08]} {[%emt 00:00:02]} Ba7 {[%clk 01:29:49]} {[%emt 00:00:38]} 9. Nbd2
{[%clk 01:34:04]} {[%emt 00:00:35]} g5 {[%clk 01:25:09]} {[%emt 00:05:09]} 10.
Bg3 {[%clk 01:32:50]} {[%emt 00:01:44]} O-O {[%clk 01:25:01]} {[%emt 00:00:38]}
11. a4 {[%clk 01:33:19]} {[%emt 00:00:02]} Kg7 {[%clk 01:20:30]} {[%emt
00:05:01]} 12. Re1 {[%clk 01:33:22]} {[%emt 00:00:27]} Nh7 {[%clk 01:19:22]}
{[%emt 00:01:36]} 13. d4 {[%clk 01:20:32]} {[%emt 00:13:21]} h5 {[%clk
01:09:54]} {[%emt 00:09:58]} 14. h3 {[%clk 01:18:10]} {[%emt 00:02:52]} h4
{[%clk 01:08:23]} {[%emt 00:02:01]} 15. Bh2 {[%clk 01:15:55]} {[%emt 00:02:45]}
exd4 {[%clk 01:01:33]} {[%emt 00:07:20]} 16. cxd4 {[%clk 01:13:07]} {[%emt
00:03:18]} Nxd4 {[%clk 00:58:55]} {[%emt 00:03:08]} 17. e5 {[%clk 01:01:55]}
{[%emt 00:11:41]} d5 {[%clk 00:57:07]} {[%emt 00:02:18]} 18. Bd3 {[%clk
00:58:38]} {[%emt 00:03:48]} Ne6 {[%clk 00:50:08]} {[%emt 00:07:28]} 19. Qc2
{[%clk 00:52:00]} {[%emt 00:07:09]} Rh8 {[%clk 00:49:35]} {[%emt 00:01:02]} 20.
Rad1 {[%clk 00:52:04]} {[%emt 00:00:26]} Nhf8 {[%clk 00:47:17]} {[%emt
00:02:49]} 21. Bf5 {[%clk 00:47:25]} {[%emt 00:05:09]} Qe7 {[%clk 00:46:02]}
{[%emt 00:01:44]} 22. Nf1 {[%clk 00:42:54]} {[%emt 00:05:01]} c6 {[%clk
00:42:51]} {[%emt 00:03:42]} 23. Ne3 {[%clk 00:41:57]} {[%emt 00:01:27]} Ng6
{[%clk 00:34:49]} {[%emt 00:08:32]} 24. Bg4 {[%clk 00:35:12]} {[%emt 00:07:14]}
Bxe3 {[%clk 00:33:09]} {[%emt 00:02:10]} 25. fxe3 {[%clk 00:35:40]} {[%emt
00:00:02]} Ra6 {[%clk 00:31:19]} {[%emt 00:02:20]} 26. Rf1 {[%clk 00:26:30]}
{[%emt 00:09:41]} Rb6 {[%clk 00:31:09]} {[%emt 00:00:39]} 27. Rf2 {[%clk
00:25:32]} {[%emt 00:01:29]} Rb4 {[%clk 00:29:16]} {[%emt 00:02:22]} 28. Rdf1
{[%clk 00:25:41]} {[%emt 00:00:21]} Rf8 {[%clk 00:27:38]} {[%emt 00:02:08]} 29.
Nd2 {[%clk 00:21:40]} {[%emt 00:04:31]} d4 {[%clk 00:21:59]} {[%emt 00:06:10]}
30. Bh5 {[%clk 00:20:52]} {[%emt 00:01:18]} Nh8 {[%clk 00:16:34]} {[%emt
00:05:54]} 31. Nc4 {[%clk 00:15:09]} {[%emt 00:06:14]} dxe3 {[%clk 00:13:54]}
{[%emt 00:03:10]} 32. Nxe3 {[%clk 00:14:56]} {[%emt 00:00:43]} Nf4 {[%clk
00:11:44]} {[%emt 00:02:39]} 33. Qc3 {[%clk 00:06:39]} {[%emt 00:08:47]} Nxh5
{[%clk 00:09:06]} {[%emt 00:03:08]} 34. e6+ {[%clk 00:07:01]} {[%emt 00:00:08]}
Kg8 {[%clk 00:08:30]} {[%emt 00:01:07]} 35. Nf5 {[%clk 00:05:39]} {[%emt
00:01:52]} Qxe6 {[%clk 00:08:36]} {[%emt 00:00:24]} 36. Bd6 {[%clk 00:05:34]}
{[%emt 00:00:34]} Re8 {[%clk 00:04:57]} {[%emt 00:04:08]} 37. Bxb4 {[%clk
00:02:44]} {[%emt 00:03:21]} axb4 {[%clk 00:05:12]} {[%emt 00:00:15]} 38. Qxb4
{[%clk 00:02:31]} {[%emt 00:00:44]} Nf4 {[%clk 00:04:58]} {[%emt 00:00:43]} 39.
Nd6 {[%clk 00:01:55]} {[%emt 00:01:07]} Rd8 {[%clk 00:02:45]} {[%emt 00:02:41]}
40. Nxb7 {[%clk 00:00:49]} {[%emt 00:01:38]} Rd5 {[%clk 00:00:39]} {[%emt
00:02:34]} 41. Re1 {[%clk 00:24:13]} {[%emt 00:07:07]} Re5 {[%clk 00:25:51]}
{[%emt 00:05:18]} 42. Rxe5 {[%clk 00:21:03]} {[%emt 00:03:40]} Qxe5 {[%clk
00:26:08]} {[%emt 00:00:13]} 43. Qa5 {[%clk 00:20:26]} {[%emt 00:01:08]} Qe3
{[%clk 00:18:17]} {[%emt 00:08:20]} 44. Qd2 {[%clk 00:20:30]} {[%emt 00:00:26]}
Qxd2 {[%clk 00:17:09]} {[%emt 00:01:38]} 45. Rxd2 {[%clk 00:20:57]} {[%emt
00:00:03]} Bxb7 {[%clk 00:17:32]} {[%emt 00:00:07]} 46. Rd8+ {[%clk 00:14:57]}
{[%emt 00:06:30]} Kg7 {[%clk 00:18:00]} {[%emt 00:00:02]} 47. Rb8 {[%clk
00:11:03]} {[%emt 00:04:24]} Ba6 {[%clk 00:18:27]} {[%emt 00:00:04]} 48. Rb6
{[%clk 00:11:18]} {[%emt 00:00:15]} Bd3 {[%clk 00:16:58]} {[%emt 00:01:58]} 49.
Rxc6 {[%clk 00:11:33]} {[%emt 00:00:14]} Nhg6 {[%clk 00:11:55]} {[%emt
00:05:34]} 50. Rc5 {[%clk 00:09:10]} {[%emt 00:02:54]} Ne6 {[%clk 00:09:38]}
{[%emt 00:02:46]} 51. Rc8 {[%clk 00:09:18]} {[%emt 00:00:22]} Ngf4 {[%clk
00:09:29]} {[%emt 00:00:39]} 52. Kh2 {[%clk 00:06:17]} {[%emt 00:03:32]} Bf1
{[%clk 00:08:11]} {[%emt 00:01:48]} 53. a5 {[%clk 00:04:11]} {[%emt 00:02:36]}
Bxg2 {[%clk 00:08:03]} {[%emt 00:00:38]} 54. a6 {[%clk 00:04:14]} {[%emt
00:00:27]} Bxh3 {[%clk 00:08:22]} {[%emt 00:00:10]} 55. a7 {[%clk 00:02:59]}
{[%emt 00:01:46]} Bg2 {[%clk 00:08:30]} {[%emt 00:00:21]} 56. b4 {[%clk
00:02:24]} {[%emt 00:01:05]} g4 {[%clk 00:08:10]} {[%emt 00:00:50]} 57. a8=Q
{[%emt 00:00:12]} g3+ {[%clk 00:08:09]} {[%emt 00:00:30]} 58. Kg1 {[%clk
00:03:11]} {[%emt 00:00:01]} Bxa8 {[%clk 00:08:30]} {[%emt 00:00:10]} 59. Rxa8
{[%clk 00:03:37]} {[%emt 00:00:05]} Nd4 {[%clk 00:08:39]} {[%emt 00:00:19]} 0-1

[Event "European Chess Club Cup 2023"]
[Site "Durres, Albania"]
[Date "2023.10.06"]
[Round "6.74"]
[White "Seo, Jung Min"]
[Black "Arnaudov, G. Petar"]
[Result "1-0"]
[TimeControl "90' + 30' & 30\""]
[WhiteElo "2466"]
[BlackElo "2428"]

1. e4 {[%clk 01:30:59]} e5 {[%clk 01:28:32]} {[%emt 00:02:28]} 2. Nf3 {[%clk
01:31:23]} {[%emt 00:00:07]} Nc6 {[%clk 01:28:57]} {[%emt 00:00:05]} 3. Bb5
{[%clk 01:31:51]} {[%emt 00:00:02]} a6 {[%clk 01:29:04]} {[%emt 00:00:23]} 4.
Ba4 {[%clk 01:32:19]} {[%emt 00:00:01]} Nf6 {[%clk 01:29:15]} {[%emt 00:00:19]}
5. O-O {[%clk 01:32:43]} {[%emt 00:00:07]} b5 {[%clk 01:29:42]} {[%emt
00:00:02]} 6. Bb3 {[%clk 01:33:10]} {[%emt 00:00:04]} Be7 {[%clk 01:30:08]}
{[%emt 00:00:04]} 7. Re1 {[%clk 01:31:21]} {[%emt 00:02:19]} d6 {[%clk
01:30:21]} {[%emt 00:00:17]} 8. c3 {[%clk 01:31:44]} {[%emt 00:00:07]} O-O
{[%clk 01:30:46]} {[%emt 00:00:04]} 9. h3 {[%clk 01:31:34]} {[%emt 00:00:41]}
Nb8 {[%clk 01:29:51]} {[%emt 00:01:24]} 10. d4 {[%clk 01:31:50]} {[%emt
00:00:14]} Nbd7 {[%clk 01:30:14]} {[%emt 00:00:05]} 11. Nbd2 {[%clk 01:31:59]}
{[%emt 00:00:23]} Bb7 {[%clk 01:30:15]} {[%emt 00:00:28]} 12. Bc2 {[%clk
01:31:43]} {[%emt 00:00:47]} Re8 {[%clk 01:27:41]} {[%emt 00:03:03]} 13. Nf1
{[%clk 01:20:26]} {[%emt 00:11:49]} Bf8 {[%clk 01:28:06]} {[%emt 00:00:05]} 14.
Ng3 {[%clk 01:20:52]} {[%emt 00:00:04]} g6 {[%clk 01:28:32]} {[%emt 00:00:03]}
15. a4 {[%clk 01:17:07]} {[%emt 00:04:16]} Bg7 {[%clk 01:27:15]} {[%emt
00:01:46]} 16. Bd3 {[%clk 01:01:21]} {[%emt 00:16:17]} exd4 {[%clk 01:25:38]}
{[%emt 00:02:06]} 17. cxd4 {[%clk 01:01:47]} {[%emt 00:00:05]} c5 {[%clk
01:26:06]} {[%emt 00:00:02]} 18. axb5 {[%clk 01:02:06]} {[%emt 00:00:11]} axb5
{[%clk 01:14:13]} {[%emt 00:12:22]} 19. Rxa8 {[%clk 01:02:20]} {[%emt
00:00:17]} Bxa8 {[%clk 01:04:16]} {[%emt 00:10:27]} 20. dxc5 {[%clk 00:53:36]}
{[%emt 00:09:14]} Nxc5 {[%clk 01:04:35]} {[%emt 00:00:11]} 21. Bxb5 {[%clk
00:54:02]} {[%emt 00:00:04]} Rf8 {[%clk 01:04:59]} {[%emt 00:00:06]} 22. Qc2
{[%clk 00:31:13]} {[%emt 00:23:19]} Ncxe4 {[%clk 01:02:24]} {[%emt 00:03:05]}
23. Nxe4 {[%clk 00:30:59]} {[%emt 00:00:44]} Bxe4 {[%clk 01:02:42]} {[%emt
00:00:11]} 24. Rxe4 {[%clk 00:30:01]} {[%emt 00:01:29]} Nxe4 {[%clk 01:03:08]}
{[%emt 00:00:04]} 25. Qxe4 {[%clk 00:30:28]} {[%emt 00:00:03]} Qc7 {[%clk
01:01:24]} {[%emt 00:02:11]} 26. Be3 {[%clk 00:20:59]} {[%emt 00:10:02]} Bxb2
{[%clk 01:00:39]} {[%emt 00:01:15]} 27. g3 {[%clk 00:19:51]} {[%emt 00:01:38]}
Rc8 {[%clk 01:00:15]} {[%emt 00:00:52]} 28. Kg2 {[%clk 00:19:55]} {[%emt
00:00:28]} Qc2 {[%clk 01:00:08]} {[%emt 00:00:37]} 29. Qd5 {[%clk 00:19:24]}
{[%emt 00:01:01]} Bc1 {[%clk 00:57:09]} {[%emt 00:03:28]} 30. Bd4 {[%clk
00:17:49]} {[%emt 00:02:06]} Qf5 {[%clk 00:52:50]} {[%emt 00:04:48]} 31. Qxf5
{[%clk 00:14:17]} {[%emt 00:04:02]} gxf5 {[%clk 00:50:50]} {[%emt 00:02:31]} 32.
Bd7 {[%clk 00:14:43]} {[%emt 00:00:04]} Rb8 {[%clk 00:51:10]} {[%emt 00:00:05]}
33. Bxf5 {[%clk 00:15:09]} {[%emt 00:00:09]} Bb2 {[%clk 00:51:35]} {[%emt
00:00:04]} 34. Be3 {[%clk 00:15:12]} {[%emt 00:00:28]} d5 {[%clk 00:51:23]}
{[%emt 00:00:42]} 35. h4 {[%clk 00:14:55]} {[%emt 00:00:46]} Kg7 {[%clk
00:51:44]} {[%emt 00:00:09]} 36. h5 {[%clk 00:14:54]} {[%emt 00:00:32]} h6
{[%clk 00:52:08]} {[%emt 00:00:07]} 37. Bd3 {[%clk 00:14:48]} {[%emt 00:00:35]}
Bf6 {[%clk 00:52:29]} {[%emt 00:00:09]} 38. Nd4 {[%clk 00:14:54]} {[%emt
00:00:24]} Bxd4 {[%clk 00:51:55]} {[%emt 00:01:03]} 39. Bxd4+ {[%clk 00:15:20]}
{[%emt 00:00:05]} f6 {[%clk 00:52:05]} {[%emt 00:00:20]} 40. Kf3 {[%clk
00:15:40]} {[%emt 00:00:09]} Rb4 {[%clk 00:52:03]} {[%emt 00:00:32]} 41. Ke3
{[%clk 00:16:03]} {[%emt 00:00:08]} Ra4 {[%clk 00:52:27]} {[%emt 00:00:05]} 42.
g4 {[%clk 00:16:23]} {[%emt 00:00:10]} Rb4 {[%clk 00:52:51]} {[%emt 00:00:06]}
43. f3 {[%clk 00:16:43]} {[%emt 00:00:11]} Ra4 {[%clk 00:53:15]} {[%emt
00:00:06]} 44. Bb5 {[%clk 00:12:57]} {[%emt 00:04:15]} Ra5 {[%clk 00:51:15]}
{[%emt 00:02:29]} 45. Bc6 {[%clk 00:10:26]} {[%emt 00:03:01]} Ra3+ {[%clk
00:51:42]} {[%emt 00:00:04]} 46. Ke2 {[%clk 00:09:12]} {[%emt 00:01:44]} Ra5
{[%clk 00:51:48]} {[%emt 00:00:24]} 47. Kd3 {[%clk 00:09:08]} {[%emt 00:00:34]}
Kf7 {[%clk 00:50:27]} {[%emt 00:01:52]} 48. Bb6 {[%clk 00:08:14]} {[%emt
00:01:24]} Ra3+ {[%clk 00:50:32]} {[%emt 00:00:25]} 49. Kd4 {[%clk 00:08:40]}
{[%emt 00:00:04]} Kg7 {[%clk 00:50:52]} {[%emt 00:00:10]} 50. Bxd5 {[%clk
00:09:05]} {[%emt 00:00:05]} Ra1 {[%clk 00:51:15]} {[%emt 00:00:06]} 51. Be4
{[%clk 00:09:26]} {[%emt 00:00:09]} Rd1+ {[%clk 00:51:32]} {[%emt 00:00:14]} 52.
Ke3 {[%clk 00:09:03]} {[%emt 00:00:53]} Ra1 {[%clk 00:51:55]} {[%emt 00:00:06]}
53. Kf4 {[%clk 00:09:24]} {[%emt 00:00:10]} Ra6 {[%clk 00:52:18]} {[%emt
00:00:06]} 54. Be3 {[%clk 00:09:35]} {[%emt 00:00:18]} Ra5 {[%clk 00:52:39]}
{[%emt 00:00:10]} 55. Bd4 {[%clk 00:09:03]} {[%emt 00:01:02]} Ra4 {[%clk
00:49:33]} {[%emt 00:03:36]} 56. Ke3 {[%clk 00:09:29]} {[%emt 00:00:05]} Ra3+
{[%clk 00:49:53]} {[%emt 00:00:10]} 57. Bd3 {[%clk 00:09:55]} {[%emt 00:00:03]}
Ra8 {[%clk 00:49:52]} {[%emt 00:00:27]} 58. Ke4 {[%clk 00:10:20]} {[%emt
00:00:09]} Ra3 {[%clk 00:49:34]} {[%emt 00:00:45]} 59. Bb5 {[%emt 00:04:42]}
Rb3 {[%clk 00:46:31]} 60. Bc6 {[%clk 00:09:51]} {[%emt 00:00:23]} Rb4 {[%clk
00:46:52]} {[%emt 00:00:08]} 61. Kd5 {[%clk 00:07:25]} {[%emt 00:02:57]} Kf7
{[%clk 00:46:33]} {[%emt 00:00:49]} 62. Kc5 {[%clk 00:06:33]} {[%emt 00:01:22]}
Rb1 {[%clk 00:46:52]} {[%emt 00:00:11]} 63. Bd5+ {[%clk 00:06:56]} {[%emt
00:00:08]} Kg7 {[%clk 00:47:17]} {[%emt 00:00:05]} 64. Be4 {[%clk 00:06:28]}
{[%emt 00:00:58]} Rc1+ {[%clk 00:47:26]} {[%emt 00:00:20]} 65. Kd5 {[%clk
00:06:40]} {[%emt 00:00:18]} Rd1 {[%clk 00:47:51]} {[%emt 00:00:05]} 66. Bf5
{[%clk 00:06:34]} {[%emt 00:00:37]} Rd2 {[%clk 00:48:13]} {[%emt 00:00:07]} 67.
Ke4 {[%clk 00:06:59]} {[%emt 00:00:06]} Rd1 {[%clk 00:48:28]} {[%emt 00:00:15]}
68. Be6 {[%clk 00:07:11]} {[%emt 00:00:16]} Rb1 {[%clk 00:48:22]} {[%emt
00:00:34]} 69. Bd5 {[%clk 00:07:04]} {[%emt 00:00:40]} Rb4 {[%clk 00:47:51]}
{[%emt 00:01:01]} 70. Bc6 {[%clk 00:07:01]} {[%emt 00:00:34]} Kf7 {[%clk
00:47:59]} {[%emt 00:00:20]} 71. Kd5 {[%clk 00:06:33]} {[%emt 00:01:00]} Rb1
{[%clk 00:45:49]} {[%emt 00:02:39]} 72. Kd6 {[%clk 00:06:29]} {[%emt 00:00:33]}
Rd1 {[%clk 00:45:49]} {[%emt 00:00:31]} 73. Bd5+ {[%clk 00:06:51]} {[%emt
00:00:08]} Kg7 {[%clk 00:46:15]} {[%emt 00:00:04]} 74. Be3 {[%clk 00:06:44]}
{[%emt 00:00:36]} Re1 {[%clk 00:46:17]} {[%emt 00:00:29]} 75. Bf4 {[%clk
00:07:07]} {[%emt 00:00:06]} Ra1 {[%clk 00:46:33]} {[%emt 00:00:15]} 76. Ke6
{[%clk 00:07:06]} {[%emt 00:00:31]} Ra6+ {[%clk 00:46:05]} {[%emt 00:00:56]} 77.
Bd6 {[%clk 00:07:32]} {[%emt 00:00:06]} Rb6 {[%clk 00:46:06]} {[%emt 00:00:29]}
78. Bc4 {[%clk 00:07:26]} {[%emt 00:00:36]} Rb1 {[%clk 00:45:48]} {[%emt
00:00:49]} 79. Kd7 {[%clk 00:01:13]} {[%emt 00:06:40]} Rc1 {[%clk 00:44:33]}
{[%emt 00:01:46]} 80. Bd5 {[%clk 00:01:34]} {[%emt 00:00:10]} Rd1 {[%clk
00:44:26]} {[%emt 00:00:35]} 81. Be4 {[%clk 00:28:19]} {[%emt 00:03:48]} Ra1
{[%clk 01:14:35]} {[%emt 00:00:19]} 82. Ke8 {[%clk 00:28:09]} {[%emt 00:00:41]}
1-0